| 000 | 00520nam a2200181 4500 | ||
|---|---|---|---|
| 005 | 20250403102842.0 | ||
| 008 | 000 | ||
| 020 | _a9966442596 | ||
| 040 | _aUOEL | ||
| 050 |
_aHT421 _b.M3 1974 |
||
| 100 | _aMbithi, M. Phillip | ||
| 245 |
_aRural Sociology andRural Development : _bIts Application in Kenya / _cPhillp M. Mbithi |
||
| 260 |
_aNairobi ; _bKenya Literature Bureau , _cc1974. |
||
| 300 |
_axii, 229 p. : _bill. ; |
||
| 500 | _aincludes bibliographical references | ||
| 650 | _2Commmunities / | ||
| 942 |
_2lcc _cBK |
||
| 999 |
_c6937 _d6937 |
||